| 000 | 01486nam a22003257a 4500 | ||
|---|---|---|---|
| 999 |
_c6369 _d6369 |
||
| 003 | AR-CdUCM | ||
| 008 | 190315b ||||| |||| 00| 0 spa d | ||
| 020 | _a84-413-0000-3 | ||
| 040 |
_aMUNICIPALIDAD PROVINCIAL DEL CUSCO _cBIBLIOTECA MUNICIPAL DEL CUSCO |
||
| 082 |
_a904 / _bSE45 |
||
| 110 |
_aTime life folio _918158 |
||
| 245 | _aLa segunda guerra mundial / | ||
| 260 |
_aBarcelona : _bEdiciones foilo S. A., _c1995. |
||
| 300 |
_a14 tomos _bIlustraciones , Mapas, _c30 cm. |
||
| 505 | _aContenido : t.1 : La victoria en Europa I -- t.2 : La victoria en Europa II -- t.3 : El preludio de la guerra I -- t.4 : El preludio de la guerra II -- T.5 : La guerra relámpago I -- t.6 : La guerra relámpago II -- t.7 : La Batalla de Inglaterra I -- t.8 : La Batalla de Inglaterra II -- t.9 : La Batalla del Atlántico I -- t.10 : La Batalla del Atlántico II -- t.11 : La guerra en el Desierto I -- t.12 : La guerra en el Desierto II -- t.13 : El Ejercito Rojo I -- t.14 : El Ejercito Rojo II. | ||
| 650 |
_aGuerra Mundial _914440 |
||
| 650 |
_aAlemania _91327 |
||
| 650 |
_aEuropa _91221 |
||
| 650 |
_aHistoria universal _91423 |
||
| 650 |
_aSegunda guerra mundial _944021 |
||
| 700 |
_aShaw, John _918159 |
||
| 700 |
_aBarrie, Pitt _918160 |
||
| 700 |
_aSimons, Gerald _918161 |
||
| 700 |
_aElson, Robert T. _918162 |
||
| 700 |
_aWenrnick, Robert _918163 |
||
| 700 |
_aMosky, Leonard _918164 |
||
| 700 |
_aCollier, Richard _918165 |
||
| 942 |
_2ddc _cLIBROS |
||
| 945 | _awnts | ||